PROMOTING INCLUSIVE GROWTH IN A GLOBALIZED WORLD diplomová práca

Saved in:
Bibliographic Details
Main Author: Feitscherová, Viktória
Corporate Author: Národohospodárska fakulta EU. Katedra financií
Other Authors: Geško, Martin
Format: Book
Language:English
Published: Bratislava 2018
Tags: Add Tag
No Tags, Be the first to tag this record!

MARC

LEADER 00000nbm a2200000 4500
001 0244318
005 20181114093601.4
041 0 |a eng 
044 |a SK 
245 1 0 |a PROMOTING INCLUSIVE GROWTH IN A GLOBALIZED WORLD  |b diplomová práca  |c Viktória Feitscherová ; školiteľ: Martin Geško 
264 1 |a Bratislava  |c 2018 
300 |a 40 s. 
100 1 |a Feitscherová, Viktória 
700 1 |a Geško, Martin 
710 2 |a Národohospodárska fakulta EU. Katedra financií